000 00798nam a2200253 a 4500
001 BRCA_6310
005 20190320205416.0
008 050811s1926----nyua######---#000-0#eng-#
041 _aeng
044 _anyu
050 4 _aN1
_b.A78 2 1926
245 1 0 _aThe Art Bulletin
_ban Illustrated Quarterly
_ceditor John Shapley.
260 _aNueva York
_bCollege Art Asociation of America
_c1926
300 _ap. 89-172
_bil.
_c31 cm.
500 _aVol. IX, No. 2 diciembre, 1926.
500 _aBoletín inventariado por Banco de México como libro
500 _aVer también C95 y Q179
500 _aP145
650 1 4 _aArte
_xPublicaciones periódicas
_915226
700 1 _aShapley, John
_eEditor
_915836
710 2 _aCollege Art Association of America.
_915837
902 _aGFM
942 _2lcc
_cB
999 _c5996
_d5996